[Event "Gatineau LEO-B"]
[Site "Gatineau CAN"]
[Date "2012.05.01"]
[Round "4"]
[White "Berthiaume, Serge"]
[Black "Morones, Oliver"]
[Result "1-0"]
[WhiteElo "1387"]
[BlackElo "1258"]
[PlyCount "61"]
[GameId "2160767909509777"]
[EventDate "2012.04.10"]
[EventType "swiss"]
[EventRounds "6"]
[EventCountry "CAN"]
[SourceTitle "EXT 2013"]
[Source "ChessBase"]
[SourceDate "2012.11.22"]
[SourceVersion "1"]
[SourceVersionDate "2012.11.22"]
[SourceQuality "1"]

1. d4 d6 2. e4 e6 3. Nc3 a6 4. Nf3 Bd7 5. Bd3 h6 6. Be3 Qe7 7. O-O Nf6 8. e5 Ng4 9. exd6 cxd6 10. Bf4 g5 11. Bd2 Bg7 12. b4 Nc6 13. h3 Nf6 14. b5 Nd8 15. a4 Nh5 16. Re1 Nf4 17. Bxf4 gxf4 18. Nd5 Qf8 19. Nc7+ Ke7 20. Nxa8 f5 21. Nh4 Kf7 22. c3 Be8 23. Qf3 Kg8 24. bxa6 Bc6 25. Qxf4 Kh7 26. Nc7 Qf6 27. a7 h5 28. a8=Q Bh6 29. Bxf5+ Kg7 30. Qg3+ Kf7 31. Qg6+ 1-0

[Event "Gatineau LEO-B"]
[Site "Gatineau CAN"]
[Date "2012.05.01"]
[Round "4"]
[White "Danilov, Alex"]
[Black "Arsenault, Yves"]
[Result "0-1"]
[WhiteElo "1680"]
[BlackElo "1594"]
[PlyCount "82"]
[GameId "2160767909509778"]
[EventDate "2012.04.10"]
[EventType "swiss"]
[EventRounds "6"]
[EventCountry "CAN"]
[SourceTitle "EXT 2013"]
[Source "ChessBase"]
[SourceDate "2012.11.22"]
[SourceVersion "1"]
[SourceVersionDate "2012.11.22"]
[SourceQuality "1"]

1. c4 e5 2. g3 Nf6 3. Bg2 Bc5 4. Nc3 O-O 5. e3 Nc6 6. Nf3 a6 7. O-O d6 8. a3 Bg4 9. h3 Be6 10. d4 exd4 11. exd4 Bxc4 12. dxc5 Bxf1 13. Qxf1 d5 14. Bg5 Re8 15. Rd1 Ne7 16. Nd4 c6 17. Qd3 Nd7 18. b4 f6 19. Bc1 Ne5 20. Qe2 Qd7 21. f4 Nc4 22. Qe6+ Qxe6 23. Nxe6 Rac8 24. g4 Ng6 25. f5 Nh4 26. Bh1 Ne5 27. Kf2 g5 28. Na4 Re7 29. Nc3 h5 30. gxh5 Nxf5 31. Nd4 Nxd4 32. Rxd4 Rh7 33. Nxd5 cxd5 34. Bxd5+ Kf8 35. Be6 Re8 36. Bf5 Rxh5 37. Rd6 Kf7 38. Bb2 Rh4 39. Kg3 Rf4 40. Bg4 Nxg4 41. Rd7+ Re7 0-1

[Event "Gatineau LEO-B"]
[Site "Gatineau CAN"]
[Date "2012.05.01"]
[Round "4"]
[White "Lemieux, Denis"]
[Black "Berthiaume, Patrick"]
[Result "0-1"]
[WhiteElo "1481"]
[BlackElo "1355"]
[PlyCount "124"]
[GameId "2160767909509779"]
[EventDate "2012.04.10"]
[EventType "swiss"]
[EventRounds "6"]
[EventCountry "CAN"]
[SourceTitle "EXT 2013"]
[Source "ChessBase"]
[SourceDate "2012.11.22"]
[SourceVersion "1"]
[SourceVersionDate "2012.11.22"]
[SourceQuality "1"]

1. d4 e6 2. c4 Bb4+ 3. Nc3 Nf6 4. a3 Bxc3+ 5. bxc3 d5 6. cxd5 Nxd5 7. Qc2 Bd7 8. e4 Nf6 9. Bd3 h6 10. Ne2 Bc6 11. O-O Nbd7 12. f4 Nb6 13. h3 Qe7 14. Be3 O-O-O 15. Nc1 Ba4 16. Qb2 Nfd7 17. Bb5 a6 18. Bxa4 Nxa4 19. Qb4 Qxb4 20. cxb4 Nab6 21. Nb3 Nc4 22. Kf2 f6 23. Nc5 Nxc5 24. bxc5 e5 25. d5 exf4 26. Bxf4 g5 27. Bc1 Rhe8 28. Re1 Re5 29. Ra2 b5 30. Bb2 Nxb2 31. Rxb2 f5 32. d6 Rxc5 33. dxc7 Kxc7 34. exf5 Rxf5+ 35. Kg3 Rd3+ 36. Kg4 Rf4+ 37. Kh5 Rd6 38. g3 Rf3 39. Kg4 Rxa3 40. Re7+ Kb6 41. Rbe2 Rd4+ 42. R2e4 Rxe4+ 43. Rxe4 Rd3 44. Kh5 Kc5 45. Re6 Rd6 46. Rxh6 b4 47. Rg6 Rxg6 48. Kxg6 b3 49. Kxg5 b2 50. h4 b1=Q 51. h5 Qh7 52. g4 Kc6 53. Kf4 Qf7+ 54. Kg5 Qg7+ 55. Kf5 Kd6 56. g5 Qf7+ 57. Kg4 Qe6+ 58. Kf4 Qe5+ 59. Kg4 Qe4+ 60. Kg3 Ke6 61. h6 Kf7 62. Kh3 Kg6 0-1

[Event "Gatineau LEO-B"]
[Site "Gatineau CAN"]
[Date "2012.05.01"]
[Round "4"]
[White "Menard, Marc"]
[Black "Raymond, Robert"]
[Result "1/2-1/2"]
[WhiteElo "1454"]
[BlackElo "1400"]
[PlyCount "100"]
[GameId "2160767909509780"]
[EventDate "2012.04.10"]
[EventType "swiss"]
[EventRounds "6"]
[EventCountry "CAN"]
[SourceTitle "EXT 2013"]
[Source "ChessBase"]
[SourceDate "2012.11.22"]
[SourceVersion "1"]
[SourceVersionDate "2012.11.22"]
[SourceQuality "1"]

1. e4 c5 2. Nf3 e6 3. d4 cxd4 4. Nxd4 Nf6 5. Nc3 d6 6. Be2 Be7 7. O-O O-O 8. Be3 Nc6 9. f4 a6 10. a3 Qd7 11. Qd2 b5 12. b4 Bb7 13. Bf3 Rab8 14. Rad1 Rfd8 15. Kh1 e5 16. Nf5 exf4 17. Bxf4 Ne5 18. Nd5 Bxd5 19. Nxe7+ Qxe7 20. exd5 Nxf3 21. Rxf3 Re8 22. Re3 Ne4 23. Qe2 f5 24. Re1 Qf7 25. c4 bxc4 26. Qxc4 Rb5 27. g4 Qxd5 28. Qxd5+ Rxd5 29. gxf5 Nf2+ 30. Kg2 Rxe3 31. Rxe3 Ng4 32. Re6 Rxf5 33. Bxd6 Rf6 34. Rxf6 Nxf6 35. a4 Ne4 36. Be5 Kf7 37. b5 axb5 38. axb5 Ke6 39. Bxg7 Nd6 40. b6 Kd7 41. Kf3 Kc6 42. Bd4 Nf5 43. Bf2 Nd6 44. Kf4 Kb7 45. Ke5 Nc4+ 46. Kf6 Nd2 47. Kg7 h5 48. h4 Nf3 49. Kg6 Nxh4+ 50. Kxh5 Nf5 1/2-1/2

[Event "Gatineau LEO-B"]
[Site "Gatineau CAN"]
[Date "2012.05.01"]
[Round "4"]
[White "Rose, Richard1"]
[Black "Dagenais, Benoit"]
[Result "1-0"]
[WhiteElo "1787"]
[BlackElo "1700"]
[PlyCount "65"]
[GameId "2160767909509781"]
[EventDate "2012.04.10"]
[EventType "swiss"]
[EventRounds "6"]
[EventCountry "CAN"]
[SourceTitle "EXT 2013"]
[Source "ChessBase"]
[SourceDate "2012.11.22"]
[SourceVersion "1"]
[SourceVersionDate "2012.11.22"]
[SourceQuality "1"]

1. e4 Nf6 2. e5 Nd5 3. d4 c5 4. c4 Nb4 5. dxc5 e6 6. Be3 N4a6 7. a3 Nc6 8. Nf3 Qc7 9. b4 Nxe5 10. Nc3 Be7 11. Be2 Nxf3+ 12. Bxf3 Qe5 13. Qd4 Bf6 14. O-O-O Nc7 15. Ne4 Rb8 16. Nd6+ Ke7 17. Nxc8+ Rhxc8 18. Qxd7+ Kf8 19. Qd6+ Ke8 20. Bd4 Qg5+ 21. Be3 Qf5 22. Bxb7 Be7 23. Qd7+ Kf8 24. Bxc8 Qe5 25. Rd4 Bxc5 26. bxc5 Qf5 27. Qd8+ Ne8 28. Rd3 Qe5 29. Qd4 Qf5 30. Bd7 Nc7 31. Qd6+ Kg8 32. Qxc7 Rb1+ 33. Kc2 1-0

[Event "Gatineau LEO-B"]
[Site "Gatineau CAN"]
[Date "2012.05.01"]
[Round "4"]
[White "Simard, Paul"]
[Black "Corrigan, Paul"]
[Result "0-1"]
[WhiteElo "1170"]
[BlackElo "1308"]
[PlyCount "80"]
[GameId "2160767909509782"]
[EventDate "2012.04.10"]
[EventType "swiss"]
[EventRounds "6"]
[EventCountry "CAN"]
[SourceTitle "EXT 2013"]
[Source "ChessBase"]
[SourceDate "2012.11.22"]
[SourceVersion "1"]
[SourceVersionDate "2012.11.22"]
[SourceQuality "1"]

1. e4 e5 2. d4 exd4 3. Nf3 Nc6 4. Bc4 Nf6 5. Ng5 Qe7 6. Bxf7+ Kd8 7. Bc4 Nxe4 8. Nf7+ Ke8 9. Nxh8 Nc3+ 10. Be2 Nxd1 11. Kxd1 d5 12. Bf3 Be6 13. Re1 Qd6 14. Bg5 Be7 15. Bd2 Kd7 16. Na3 Rxh8 17. Nb5 Qxh2 18. c3 dxc3 19. Nxc3 d4 20. Nd5 Bxd5 21. Bxd5 Qh5+ 22. Bf3 Qc5 23. Bg4+ Kd8 24. Rc1 Qd5 25. a3 Qxg2 26. f3 Qg3 27. Re4 Rf8 28. Rxc6 bxc6 29. Rxd4+ Bd6 30. Bg5+ Rf6 31. Re4 Be7 32. Rd4+ Ke8 33. Bxf6 Bxf6 34. Rb4 Kf7 35. Rb7 Kg6 36. Rb4 h5 37. Be6 Qxf3+ 38. Kc2 Qe2+ 39. Kb1 Qxe6 40. Rf4 Qe5 0-1

[Event "Gatineau LEO-B"]
[Site "Gatineau CAN"]
[Date "2012.05.01"]
[Round "4"]
[White "Traversy, Pierre"]
[Black "Legare, Gilles"]
[Result "0-1"]
[WhiteElo "1079"]
[BlackElo "1099"]
[PlyCount "43"]
[GameId "2160767738434576"]
[EventDate "2012.04.10"]
[EventType "swiss"]
[EventRounds "6"]
[EventCountry "CAN"]
[SourceTitle "EXT 2013"]
[Source "ChessBase"]
[SourceDate "2012.11.22"]
[SourceVersion "1"]
[SourceVersionDate "2012.11.22"]
[SourceQuality "1"]

1. d4 d5 2. Nf3 e6 3. Nc3 Nf6 4. Bd2 c5 5. e3 c4 6. b3 Bb4 7. Be2 Bxc3 8. Bxc3 Ne4 9. Bb2 c3 10. Bc1 Nd7 11. O-O Ndf6 12. h3 O-O 13. Bd3 Bd7 14. a4 a5 15. Bxe4 Nxe4 16. Ne1 b5 17. axb5 Bxb5 18. Nd3 a4 19. Ba3 Nd2 20. b4 Bxd3 21. cxd3 Re8 22. Re1 {illegal move} 0-1

[Event "Gatineau LEO-B"]
[Site "Gatineau CAN"]
[Date "2012.05.01"]
[Round "4"]
[White "Villeneuve, Luc"]
[Black "Pilon, Robert"]
[Result "1/2-1/2"]
[WhiteElo "1620"]
[BlackElo "1507"]
[PlyCount "72"]
[GameId "2160767909509783"]
[EventDate "2012.04.10"]
[EventType "swiss"]
[EventRounds "6"]
[EventCountry "CAN"]
[SourceTitle "EXT 2013"]
[Source "ChessBase"]
[SourceDate "2012.11.22"]
[SourceVersion "1"]
[SourceVersionDate "2012.11.22"]
[SourceQuality "1"]

1. d4 Nf6 2. Nf3 d5 3. e3 Bg4 4. h3 Bh5 5. Be2 e6 6. Ne5 Bxe2 7. Qxe2 Nbd7 8. Nxd7 Qxd7 9. O-O Bd6 10. c4 dxc4 11. Qxc4 O-O 12. Nc3 a6 13. e4 Be7 14. Bf4 c6 15. Rfd1 Rfd8 16. Qe2 b5 17. a3 Qb7 18. Bg5 h6 19. Bxf6 Bxf6 20. e5 Be7 21. Ne4 Qb6 22. Qg4 Kf8 23. Ng3 Kg8 24. Rac1 Rd5 25. Nh5 g6 26. Rc3 Rad8 27. Rcd3 c5 28. dxc5 Qxc5 29. Rxd5 Rxd5 30. Rxd5 Qxd5 31. Nf6+ Bxf6 32. exf6 Qe5 33. Qf3 Qe1+ 34. Kh2 Qe5+ 35. Kg1 Qe1+ 36. Kh2 Qe5+ 1/2-1/2

[Event "Gatineau LEO-B"]
[Site "Gatineau CAN"]
[Date "2012.05.08"]
[Round "5"]
[White "Arsenault, Yves"]
[Black "Rose, Richard1"]
[Result "0-1"]
[WhiteElo "1594"]
[BlackElo "1787"]
[PlyCount "52"]
[GameId "2160767909509784"]
[EventDate "2012.04.10"]
[EventType "swiss"]
[EventRounds "6"]
[EventCountry "CAN"]
[SourceTitle "EXT 2013"]
[Source "ChessBase"]
[SourceDate "2012.11.22"]
[SourceVersion "1"]
[SourceVersionDate "2012.11.22"]
[SourceQuality "1"]

1. e4 c5 2. Nf3 d6 3. d4 cxd4 4. Nxd4 Nf6 5. Nc3 a6 6. Bd3 e6 7. O-O Be7 8. Be3 O-O 9. h3 Bd7 10. Nce2 Nc6 11. c3 Ne5 12. Bc2 Rc8 13. b3 Ng6 14. c4 d5 15. cxd5 exd5 16. Ng3 Bd6 17. Ndf5 Bxf5 18. Nxf5 Be5 19. Rc1 dxe4 20. Bg5 Qxd1 21. Rfxd1 Bb2 22. Nd6 Bxc1 23. Rxc1 Rc7 24. a4 Ne5 25. Nf5 Nd3 26. Bxd3 Rxc1+ 0-1

[Event "Gatineau LEO-B"]
[Site "Gatineau CAN"]
[Date "2012.05.08"]
[Round "5"]
[White "Berthiaume, Patrick"]
[Black "Danilov, Alex"]
[Result "0-1"]
[WhiteElo "1355"]
[BlackElo "1680"]
[PlyCount "42"]
[GameId "2160767909509785"]
[EventDate "2012.04.10"]
[EventType "swiss"]
[EventRounds "6"]
[EventCountry "CAN"]
[SourceTitle "EXT 2013"]
[Source "ChessBase"]
[SourceDate "2012.11.22"]
[SourceVersion "1"]
[SourceVersionDate "2012.11.22"]
[SourceQuality "1"]

1. e4 c5 2. Nf3 e6 3. d4 cxd4 4. Nxd4 Nc6 5. Nc3 Qc7 6. g3 a6 7. a4 d6 8. Bg2 Bd7 9. O-O Nf6 10. Bg5 Be7 11. Nb3 O-O 12. Qe2 Rac8 13. a5 Ne5 14. Be3 Nc4 15. Rfb1 Nxb2 16. Rxb2 Qxc3 17. Rab1 Qc4 18. Qd2 Nxe4 19. Bxe4 Qxe4 20. Nd4 Rc7 21. Ne2 Bc6 0-1

[Event "Gatineau LEO-B"]
[Site "Gatineau CAN"]
[Date "2012.05.08"]
[Round "5"]
[White "Berthiaume, Serge"]
[Black "Menard, Marc"]
[Result "1-0"]
[WhiteElo "1387"]
[BlackElo "1454"]
[PlyCount "103"]
[GameId "2160767909509786"]
[EventDate "2012.04.10"]
[EventType "swiss"]
[EventRounds "6"]
[EventCountry "CAN"]
[SourceTitle "EXT 2013"]
[Source "ChessBase"]
[SourceDate "2012.11.22"]
[SourceVersion "1"]
[SourceVersionDate "2012.11.22"]
[SourceQuality "1"]

1. d4 Nf6 2. c4 e5 3. dxe5 Ng4 4. Nf3 Nc6 5. Qd5 Bb4+ 6. Nc3 Bxc3+ 7. bxc3 Qe7 8. Bf4 f6 9. exf6 Nxf6 10. Qg5 d6 11. e3 O-O 12. Nd4 Ne4 13. Qxe7 Nxe7 14. Nb5 Bf5 15. Nxc7 Rac8 16. Nb5 Bg6 17. Nxd6 Rc6 18. Nxe4 Bxe4 19. O-O-O Ng6 20. Bg3 b5 21. f3 Bf5 22. Rd6 Rfc8 23. Rxc6 Rxc6 24. Be2 Be6 25. Rd1 Bxc4 26. Rd8+ Kf7 27. Bxc4+ Rxc4 28. Kb2 b4 29. Rd7+ Ke6 30. Rxa7 Rxc3 31. e4 Rd3 32. Rc7 Rd2+ 33. Rc2 Rd3 34. Be1 Rd4 35. Kb3 Ne5 36. Bxb4 Kd7 37. Rd2 Rd3+ 38. Rxd3+ Nxd3 39. a4 Nf4 40. g3 Ne6 41. a5 Nd4+ 42. Kc4 Nxf3 43. Kd5 Ng5 44. Bd6 Nxe4 45. Kxe4 Kxd6 46. a6 Kc6 47. Ke5 Kb6 48. Ke6 Kxa6 49. Kf7 Kb6 50. Kxg7 Kc6 51. Kxh7 Kd6 52. Kg6 1-0

[Event "Gatineau LEO-B"]
[Site "Gatineau CAN"]
[Date "2012.05.08"]
[Round "5"]
[White "Dagenais, Benoit"]
[Black "Laurin, Marcel"]
[Result "1-0"]
[WhiteElo "1700"]
[BlackElo "1544"]
[PlyCount "69"]
[GameId "2160767909509787"]
[EventDate "2012.04.10"]
[EventType "swiss"]
[EventRounds "6"]
[EventCountry "CAN"]
[SourceTitle "EXT 2013"]
[Source "ChessBase"]
[SourceDate "2012.11.22"]
[SourceVersion "1"]
[SourceVersionDate "2012.11.22"]
[SourceQuality "1"]

1. e4 Nf6 2. e5 Nd5 3. c4 Nb6 4. c5 Nd5 5. Nc3 Nxc3 6. dxc3 b6 7. Bc4 bxc5 8. Bxf7+ Kxf7 9. Qf3+ Kg8 10. Qxa8 Nc6 11. Nf3 h6 12. O-O e6 13. Rd1 Qe8 14. Be3 Kh7 15. b4 cxb4 16. cxb4 Bxb4 17. Bxa7 Qg6 18. Be3 Rf8 19. Nh4 Qg4 20. g3 Bc3 21. Rac1 Bxe5 22. Rxd7 Nd4 23. h3 Ne2+ 24. Kg2 Bxd7 25. Qxf8 Qe4+ 26. Qf3 Qxf3+ 27. Nxf3 Nxc1 28. Nxe5 Nxa2 29. Nxd7 Nc3 30. Nf8+ Kg8 31. Nxe6 Nd5 32. Kf3 Kf7 33. Nf4 Nf6 34. Bd4 Nd7 35. Nd3 1-0

[Event "Gatineau LEO-B"]
[Site "Gatineau CAN"]
[Date "2012.05.08"]
[Round "5"]
[White "Legare, Gilles"]
[Black "Lemieux, Denis"]
[Result "0-1"]
[WhiteElo "1099"]
[BlackElo "1481"]
[PlyCount "98"]
[GameId "2160767909509788"]
[EventDate "2012.04.10"]
[EventType "swiss"]
[EventRounds "6"]
[EventCountry "CAN"]
[SourceTitle "EXT 2013"]
[Source "ChessBase"]
[SourceDate "2012.11.22"]
[SourceVersion "1"]
[SourceVersionDate "2012.11.22"]
[SourceQuality "1"]

1. e4 c6 2. Nf3 d5 3. e5 Bf5 4. d4 e6 5. Be2 h6 6. O-O Qc7 7. Bd3 Bxd3 8. Qxd3 Nd7 9. Bf4 Ne7 10. Nbd2 Ng6 11. Be3 c5 12. dxc5 Bxc5 13. Nb3 Bxe3 14. fxe3 O-O 15. c3 Ndxe5 16. Nxe5 Nxe5 17. Qd4 Rfc8 18. Nd2 b6 19. Nf3 Nxf3+ 20. Rxf3 Qc4 21. Qe5 Qc7 22. Qh5 Rf8 23. Raf1 a5 24. Rg3 Kh7 25. Qe2 Qc4 26. Qh5 Qc7 27. Qg4 g6 28. Rh3 Qe7 29. Rh4 Kg7 30. Qd4+ f6 31. Rf3 Qc5 32. Rfh3 Rh8 33. Qg4 f5 34. Qf4 h5 35. Rg3 Kf7 36. Qe5 Rac8 37. Rf4 Qe7 38. Rd4 Rhd8 39. Qf4 e5 40. Qh6 Qf6 41. Rh4 Rh8 42. Qg5 Qxg5 43. Rxg5 Kf6 44. Rg3 g5 45. Ra4 g4 46. e4 dxe4 47. Re3 Rhd8 48. Kf2 Rd2+ 49. Kg3 f4+ 0-1

[Event "Gatineau LEO-B"]
[Site "Gatineau CAN"]
[Date "2012.05.08"]
[Round "5"]
[White "Raymond, Robert"]
[Black "Lavergne, Daniel"]
[Result "1/2-1/2"]
[WhiteElo "1400"]
[BlackElo "1671"]
[PlyCount "180"]
[GameId "2160767909509789"]
[EventDate "2012.04.10"]
[EventType "swiss"]
[EventRounds "6"]
[EventCountry "CAN"]
[SourceTitle "EXT 2013"]
[Source "ChessBase"]
[SourceDate "2012.11.22"]
[SourceVersion "1"]
[SourceVersionDate "2012.11.22"]
[SourceQuality "1"]

1. e4 c5 2. Nf3 d6 3. c3 Nc6 4. d4 cxd4 5. cxd4 Nf6 6. Nc3 a6 7. Bc4 e6 8. a3 b5 9. Ba2 Qc7 10. O-O Be7 11. Re1 O-O 12. Bb1 e5 13. d5 Na5 14. Bc2 Bg4 15. h3 Bh5 16. Qd3 Nc4 17. b3 Nb6 18. Bb2 Rac8 19. Rac1 Qb7 20. Bd1 Bg6 21. Nh4 Nfd7 22. Nxg6 hxg6 23. b4 f5 24. f3 f4 25. Bb3 Nf6 26. Nd1 Nh5 27. Nf2 Bh4 28. Re2 Rxc1+ 29. Bxc1 Rc8 30. Rc2 Rxc2 31. Qxc2 Ng3 32. Nh1 Nh5 33. Qc6 Qc8 34. Qxc8+ Nxc8 35. a4 Nb6 36. axb5 axb5 37. Bc2 Be1 38. Bd3 Bxb4 39. Bxb5 Nc8 40. Kf1 Kf8 41. Ke2 Kf7 42. Kd3 Kf6 43. Kc4 Bc5 44. Bd2 Nb6+ 45. Kb3 Be3 46. Be1 Bc5 47. g4 fxg3 48. Nxg3 Nf4 49. Bf1 Nc8 50. Ba6 Ne7 51. Bf1 g5 52. Ba5 Neg6 53. Bd8+ Ne7 54. Nf5 Nfg6 55. Bb5 Kf7 56. Bd7 Nxf5 57. Bxf5 Ne7 58. Be6+ Ke8 59. Ba5 Ng6 60. Be1 Nh4 61. Bg4 Ng2 62. Bd2 Nf4 63. Be1 Ng2 64. Ba5 Ke7 65. Kc4 Ne3+ 66. Kb5 Nxg4 67. hxg4 Kd7 68. Bd2 Ba3 69. Bxg5 g6 70. Be3 Kc7 71. f4 exf4 72. Bxf4 Kd7 73. Bg5 Bb2 74. Kc4 Ba1 75. Kb5 Bc3 76. Kc4 Bb2 77. Kd3 Ba1 78. Bd2 Be5 79. Be3 Bg3 80. Bh6 Bf2 81. Bg7 Bg1 82. e5 dxe5 83. Bxe5 Bf2 84. Ke4 Ke7 85. Bd4 Bh4 86. Bc5+ Kf6 87. Bd4+ Kg5 88. Be5 Kxg4 89. d6 Bf2 90. d7 Bb6 1/2-1/2

[Event "Gatineau LEO-B"]
[Site "Gatineau CAN"]
[Date "2012.05.08"]
[Round "5"]
[White "Scantland, Patrick"]
[Black "Pilon, Robert"]
[Result "0-1"]
[WhiteElo "1795"]
[BlackElo "1507"]
[PlyCount "42"]
[GameId "2160767909509790"]
[EventDate "2012.04.10"]
[EventType "swiss"]
[EventRounds "6"]
[EventCountry "CAN"]
[SourceTitle "EXT 2013"]
[Source "ChessBase"]
[SourceDate "2012.11.22"]
[SourceVersion "1"]
[SourceVersionDate "2012.11.22"]
[SourceQuality "1"]

1. Nf3 Nf6 2. d4 d5 3. c4 c6 4. Nc3 Bf5 5. cxd5 cxd5 6. Qb3 Qb6 7. Qxb6 axb6 8. Bf4 e6 9. Nb5 Bb4+ 10. Nd2 O-O 11. a3 Ne4 12. f3 Nxd2 13. Bxd2 Bxd2+ 14. Kxd2 Rc8 15. Rc1 Rxc1 16. Kxc1 Nc6 17. e3 Rc8 18. Kd2 Bg6 19. Bd3 Na5 20. Bxg6 hxg6 21. Rc1 Nb3+ 0-1

[Event "Gatineau LEO-B"]
[Site "Gatineau CAN"]
[Date "2012.05.08"]
[Round "5"]
[White "Simard, Paul"]
[Black "Morones, Oliver"]
[Result "0-1"]
[WhiteElo "1170"]
[BlackElo "1258"]
[PlyCount "42"]
[GameId "2160767909509791"]
[EventDate "2012.04.10"]
[EventType "swiss"]
[EventRounds "6"]
[EventCountry "CAN"]
[SourceTitle "EXT 2013"]
[Source "ChessBase"]
[SourceDate "2012.11.22"]
[SourceVersion "1"]
[SourceVersionDate "2012.11.22"]
[SourceQuality "1"]

1. e4 d6 2. Nf3 e6 3. c3 Nc6 4. d4 Bd7 5. Bd3 a6 6. Nbd2 h6 7. O-O g5 8. h3 h5 9. Nc4 g4 10. hxg4 hxg4 11. Nh2 Qh4 12. Bf4 Nf6 13. f3 g3 14. Bxg3 Qxg3 15. Rf2 Rxh2 16. Kf1 Rh1+ 17. Ke2 Rxd1 18. Rxd1 O-O-O 19. Rh1 d5 20. exd5 Nxd5 21. Rh3 Nf4+ 0-1

[Event "Gatineau LEO-B"]
[Site "Gatineau CAN"]
[Date "2012.05.12"]
[Round "6"]
[White "Danilov, Alex"]
[Black "Dagenais, Benoit"]
[Result "1/2-1/2"]
[WhiteElo "1680"]
[BlackElo "1700"]
[PlyCount "60"]
[GameId "2160767909509792"]
[EventDate "2012.04.10"]
[EventType "swiss"]
[EventRounds "6"]
[EventCountry "CAN"]
[SourceTitle "EXT 2013"]
[Source "ChessBase"]
[SourceDate "2012.11.22"]
[SourceVersion "1"]
[SourceVersionDate "2012.11.22"]
[SourceQuality "1"]

1. Nf3 d5 2. d4 Bg4 3. c3 Bxf3 4. exf3 e6 5. Bd3 c5 6. f4 cxd4 7. Bb5+ Nc6 8. Qxd4 Nge7 9. Qd3 g6 10. h4 Nf5 11. h5 Bg7 12. g4 Nd6 13. hxg6 hxg6 14. Rxh8+ Bxh8 15. Bxc6+ bxc6 16. g5 Qb6 17. Nd2 O-O-O 18. Nb3 c5 19. Be3 d4 20. cxd4 c4 21. Qc2 Kb8 22. Nc5 Nf5 23. Qxc4 Nxd4 24. O-O-O Rd5 25. Bxd4 Bxd4 26. Nb3 Bxb2+ 27. Kc2 Qxf2+ 28. Rd2 Rxd2+ 29. Nxd2 Qb6 30. Qa4 Bd4 1/2-1/2

[Event "Gatineau LEO-B"]
[Site "Gatineau CAN"]
[Date "2012.05.12"]
[Round "6"]
[White "Laurin, Marcel"]
[Black "Berthiaume, Serge"]
[Result "1-0"]
[WhiteElo "1544"]
[BlackElo "1387"]
[PlyCount "101"]
[GameId "2160767909509793"]
[EventDate "2012.04.10"]
[EventType "swiss"]
[EventRounds "6"]
[EventCountry "CAN"]
[SourceTitle "EXT 2013"]
[Source "ChessBase"]
[SourceDate "2012.11.22"]
[SourceVersion "1"]
[SourceVersionDate "2012.11.22"]
[SourceQuality "1"]

1. d4 Nf6 2. c4 c5 3. d5 g6 4. g3 Bg7 5. Bg2 d6 6. Nc3 Nbd7 7. e4 Ne5 8. Qe2 O-O 9. h3 e6 10. f4 Ned7 11. Be3 exd5 12. cxd5 Re8 13. g4 Qa5 14. Kf2 h5 15. g5 Nh7 16. Nf3 b6 17. Nd2 Ba6 18. Qf3 Bd3 19. Bf1 Bxc3 20. Bxd3 Bxb2 21. Nc4 Qb4 22. Nxb2 Qxb2+ 23. Kg3 Rac8 24. Rhb1 Qc3 25. Rd1 c4 26. Rac1 Qb4 27. Bd2 Qa4 28. Bb1 b5 29. a3 Nc5 30. Bb4 Qa6 31. h4 Qb6 32. Bc3 Nf8 33. Ba1 Nb3 34. Qc3 Nxa1 35. Qxa1 Qe3+ 36. Kg2 Qxf4 37. Rf1 Qg4+ 38. Kf2 Qxh4+ 39. Ke2 Re5 40. Qc3 Qxg5 41. Rf3 Qg4 42. Rcf1 f5 43. Kd2 Rce8 44. Rg3 Qh4 45. Qe3 R8e7 46. Qg1 fxe4 47. Rxf8+ Kxf8 48. Rxg6 Qf4+ 49. Kc2 Ke8 50. Rg8+ Kd7 51. Qxa7# 1-0

[Event "Gatineau LEO-B"]
[Site "Gatineau CAN"]
[Date "2012.05.12"]
[Round "6"]
[White "Lavergne, Daniel"]
[Black "Berthiaume, Patrick"]
[Result "0-1"]
[WhiteElo "1671"]
[BlackElo "1355"]
[PlyCount "144"]
[GameId "2160767909509794"]
[EventDate "2012.04.10"]
[EventType "swiss"]
[EventRounds "6"]
[EventCountry "CAN"]
[SourceTitle "EXT 2013"]
[Source "ChessBase"]
[SourceDate "2012.11.22"]
[SourceVersion "1"]
[SourceVersionDate "2012.11.22"]
[SourceQuality "1"]

1. d4 e6 2. e4 d5 3. Nc3 Bb4 4. e5 c5 5. a3 Bxc3+ 6. bxc3 c4 7. Qg4 g6 8. Bg5 Qa5 9. Ne2 Nd7 10. Qf3 h6 11. Bd2 Nb6 12. h4 Bd7 13. h5 g5 14. Ng3 Ba4 15. Ra2 Qb5 16. Qd1 O-O-O 17. Be2 Rf8 18. O-O f5 19. exf6 Nxf6 20. Bf3 Re8 21. Re1 Nbd7 22. Qc1 e5 23. Nf5 Kc7 24. Rb2 Qc6 25. Nxh6 Rxh6 26. Bxg5 Rhh8 27. Bxf6 Nxf6 28. dxe5 Nxh5 29. Qg5 Reg8 30. Qe7+ Qd7 31. Qxd7+ Bxd7 32. Bxd5 Rb8 33. Bxc4 Bc6 34. g3 Rhf8 35. Be2 Ng7 36. Bg4 Nf5 37. Bxf5 Rxf5 38. f4 Rd8 39. Kf2 Rd2+ 40. Re2 Rd1 41. Rb4 a5 42. Rd4 Ra1 43. g4 Rf8 44. a4 Rxa4 45. Rxa4 Bxa4 46. Ke3 Bb5 47. Re1 a4 48. f5 Kd7 49. Kd4 Rg8 50. Rg1 a3 51. Kc5 Bc6 52. Kb4 a2 53. Rd1+ Ke7 54. Kb3 Ra8 55. Ra1 Bf3 56. g5 Be4 57. f6+ Ke6 58. c4 Bg6 59. Rxa2 Rxa2 60. Kxa2 Kxe5 61. c3 Kd6 62. Kb2 Kc5 63. Ka3 b6 64. Kb3 Bf7 65. Kc2 Kxc4 66. Kb2 b5 67. Kc2 Be8 68. Kb2 Bg6 69. Ka1 Kxc3 70. Ka2 b4 71. Ka1 b3 72. f7 b2+ 0-1

[Event "Gatineau LEO-B"]
[Site "Gatineau CAN"]
[Date "2012.05.12"]
[Round "6"]
[White "Morones, Oliver"]
[Black "Legare, Gilles"]
[Result "1-0"]
[WhiteElo "1258"]
[BlackElo "1099"]
[PlyCount "71"]
[GameId "2160767909509795"]
[EventDate "2012.04.10"]
[EventType "swiss"]
[EventRounds "6"]
[EventCountry "CAN"]
[SourceTitle "EXT 2013"]
[Source "ChessBase"]
[SourceDate "2012.11.22"]
[SourceVersion "1"]
[SourceVersionDate "2012.11.22"]
[SourceQuality "1"]

1. e4 e6 2. Nc3 c6 3. d4 d5 4. e5 b5 5. a3 Ba6 6. Na2 c5 7. c3 Nd7 8. a4 Qb6 9. Be3 c4 10. Nb4 Ne7 11. a5 Qb7 12. Nh3 Ng6 13. Qh5 Bxb4 14. cxb4 O-O 15. Be2 f6 16. f4 Qc7 17. O-O c3 18. bxc3 Qxc3 19. Bf2 Qxb4 20. Rfb1 Qe7 21. Bd3 Rf7 22. f5 exf5 23. Bxf5 Ndf8 24. Re1 Bc8 25. Bd3 Be6 26. Bxb5 Bxh3 27. Qxh3 fxe5 28. Bc6 Nf4 29. Qb3 Qf6 30. Bxd5 Nh3+ 31. gxh3 Qxf2+ 32. Kh1 Qxd4 33. Bxa8 Ng6 34. Rad1 Qh4 35. Bd5 Nf4 36. Qb8+ 1-0